|
|
|
|
| LEADER |
01831nam a2200373 a 4500 |
| 001 |
17657 |
| 003 |
BD-DhAAL |
| 005 |
20140508120604.0 |
| 008 |
140508s1995 coua b 001 0 eng d |
| 010 |
|
|
|a 95007664
|
| 020 |
|
|
|a 0813326273 (alk. paper)
|
| 020 |
|
|
|a 0813326281 (pbk. : alk. paper)
|
| 040 |
|
|
|a DLC
|c DLC
|d DLC
|d BD-DhAAL
|
| 041 |
|
|
|a eng
|
| 050 |
0 |
0 |
|a HQ1161
|b .C46 1995
|
| 082 |
0 |
0 |
|a 305.42
|2 20
|
| 245 |
0 |
4 |
|a The challenge of local feminisms :
|b women's movements in global perspective /
|c edited by Amrita Basu, with the assistance of C. Elizabeth McGrory.
|
| 260 |
|
|
|a Boulder :
|b Westview Press,
|c 1995.
|
| 300 |
|
|
|a xiv, 493 p. :
|b ill. ;
|c 24 cm.
|
| 490 |
1 |
|
|a Social change in global perspective
|
| 500 |
|
|
|a Studies initiated by the Women's Program Forum of the Ford Foundation in preparation for the Fourth World Conference on Women, scheduled for Beijing in 1995.
|
| 504 |
|
|
|a Includes bibliographical references (p. 463-464) and index.
|
| 541 |
|
|
|e 17567
|
| 650 |
|
0 |
|a Feminism
|x Cross-cultural studies.
|9 4439
|
| 650 |
|
0 |
|a Feminism
|z Developing countries.
|9 4440
|
| 700 |
1 |
|
|a Basu, Amrita,
|d 1953-
|9 4441
|
| 700 |
1 |
|
|a McGrory, C. Elizabeth.
|9 4442
|
| 710 |
2 |
|
|a Ford Foundation.
|b Women's Program Forum.
|9 4443
|
| 830 |
|
0 |
|a Social change in global perspective (Boulder, Colo.)
|9 4444
|
| 856 |
4 |
2 |
|3 Contributor biographical information
|u http://www.loc.gov/catdir/enhancements/fy0833/95007664-b.html
|
| 856 |
4 |
2 |
|3 Publisher description
|u http://www.loc.gov/catdir/enhancements/fy0833/95007664-d.html
|
| 942 |
|
|
|2 ddc
|c BK
|
| 999 |
|
|
|c 14331
|d 14331
|
| 952 |
|
|
|0 0
|1 0
|2 ddc
|4 1
|6 305_420000000000000_CHA
|7 0
|9 24299
|a ENH
|b ENH
|c GEN
|d 2014-05-08
|l 0
|o 305.42 CHA
|p 3010017657
|r 2014-05-08
|t 1
|w 2014-05-08
|y BK
|x Departmental-issued damaged books were found in the ENH department for the reason of termites eaten in 2016
|